000 00651nam a2200217Ia 4500
003 GCL
008 140319s9999 xx 000 0 ara d
040 _aGCL /
_cGCL
082 0 4 _a398.41
_bع ز
100 1 _aعادل العليمى
245 1 0 _aالزار ومسرح الطقوس /
_cعادل العليمى
260 _a[S.N] :
_bالهيئة المصرية العامة للكتاب ،
_c1993
300 _a179 ص
490 _a
650 0 4 _aالفولكلور
650 0 4 _aالشياطين والجان
650 0 4 _aالادب الشعبى
650 0 4 _aالفولكلور المصرى
650 0 4 _aالزار
942 _2ddc
_cBK
999 _c33417
_d33417